First, Second, and Third Best | Geography Edition - Statistics

General Stats
  • This quiz has been taken 140 times
  • The average score is 23 of 33
Answer Stats
Hint Answer % Correct
Smallest Country Canada
100%
China
100%
India
100%
Largest Country Russia
100%
Largest State Vatican City
99%
Most Populous City China
97%
Nile River
96%
Amazon River
94%
Alaska
93%
Mt. Everest
92%
Texas
92%
United States
92%
Most Populous State Monaco
88%
Tokyo
88%
California
87%
Rhode Island
83%
Greenland
79%
K2
75%
Delaware
72%
Burj Khalifa
64%
Connecticut
63%
Delhi
62%
Nauru
58%
Shanghai
57%
Lake Superior
55%
Caspian Sea
53%
Lake Victoria
51%
Yangtze River
51%
New Guinea
40%
Borneo
37%
Kangchenjunga
12%
Shanghai Tower
6%
Merdeka 118
3%
No matching quizzes found
Score Distribution
Percent of People with Each Score
Percentile by Number Answered
Your Score History
You have not taken this quiz